00551nam a2200157Ia 450000500170000000800410001704100080005808200160006610000420008224500410012426000510016530000090021665000200022599900190024595201290026420250729165753.0250729s2013 xx 000 0 und d aeng a530.25 DIRC aDirectorate of Pre University9232603 aChemistry - Ii PUC Exampler Problems aBangalorebDirectorate of Pre Universityc2013 a247p aPhysics9232604 c239865d239865 00104070aALbALd2025-07-29eManagement Bookg85.00l0o530.25 DIRCpBED05184r2025-07-29 16:57:53v85.00w2025-07-29yBK